Guess the Song-Taylor Swift Edition!! - Statistics

General Stats
  • This quiz has been taken 13 times
  • The average score is 128 of 180
Answer Stats
Answer % Correct
a
100%
and
100%
on
100%
so
100%
the
100%
to
100%
To
100%
you
100%
at
91%
I
91%
in
91%
it
91%
me?
91%
out
91%
their
91%
your
91%
Your
91%
you’re
91%
be
82%
by
82%
had
82%
have
82%
if
82%
”if
82%
I’m
82%
know
82%
like
82%
look
82%
some
82%
they
82%
up
82%
what
82%
as
73%
died
73%
from
73%
mine
73%
one
73%
over
73%
people’s
73%
time
73%
wind
73%
windows
73%
away
64%
breath
64%
case
64%
death
64%
does
64%
drink
64%
eyes
64%
friends
64%
got
64%
head
64%
looked
64%
not
64%
Not
64%
table
64%
weirdo
64%
addicted
55%
are
55%
carried
55%
catch
55%
met
55%
more
55%
nice
55%
north
55%
now
55%
only?”
55%
rose
55%
south
55%
spied
55%
tiniest
55%
wine
55%
you’’d
55%
afflicted
45%
alright
45%
attend
45%
blowing
45%
bound
45%
deranged
45%
feel
45%
glows
45%
golden
45%
knowing
45%
meant
45%
outside
45%
still
45%
stopped
45%
tilted
45%
train
45%
transfixed
45%
boarded
36%
chances
36%
Christmas
36%
feather
36%
parties
36%
streets
36%
downtown
27%
faces
27%
ponder
27%
searching
27%
taken
27%
tried
18%
No matching quizzes found
Score Distribution
Percent of People with Each Score
Percentile by Number Answered
Your Score History
You have not taken this quiz